Tajemství úspěchu
Výsledky prieskumu časopisu Moderní obchod, ktorý bol zameraný na zisťovanie aktivít najvýznamnejších obchodníkov s potravinami zameraných na podporu predaja. Spôsoby uplatňovania podpory predaja, merchandisingu, direct mailingu, reklamnej propagácie. Kto u dodávateľov zabezpečuje tieto aktivity. Vy...
Enregistré dans:
| Auteur principal: | |
|---|---|
| Format: | Chapitre de livre |
| Langue: | tchèque |
| Sujets: | |
| Tags: |
Pas de tags, Soyez le premier à ajouter un tag!
|
MARC
| LEADER | 00000naa a2200000 4500 | ||
|---|---|---|---|
| 001 | r035579 | ||
| 005 | 20230727095940.0 | ||
| 041 | 0 | |a cze | |
| 044 | |a CZ | ||
| 245 | 1 | 0 | |a Tajemství úspěchu |c Alena Máchová |
| 520 | |a Výsledky prieskumu časopisu Moderní obchod, ktorý bol zameraný na zisťovanie aktivít najvýznamnejších obchodníkov s potravinami zameraných na podporu predaja. Spôsoby uplatňovania podpory predaja, merchandisingu, direct mailingu, reklamnej propagácie. Kto u dodávateľov zabezpečuje tieto aktivity. Využívané reklamné prostriedky. Inzercia v masmédiách. | ||
| 610 | 2 | 0 | |a podpora predaja |
| 610 | 2 | 0 | |a prieskum podnikateľský |
| 610 | 2 | 0 | |a merchandising |
| 610 | 2 | 0 | |a prostriedky reklamné |
| 610 | 2 | 0 | |a direct mailing |
| 610 | 2 | 0 | |a reklama |
| 610 | 2 | 0 | |a médiá |
| 610 | 2 | 0 | |a inzercia |
| 610 | 2 | 0 | |a propagácia |
| 610 | 2 | 0 | |a dodávatelia |
| 610 | 2 | 0 | |a obchodníci |
| 610 | 2 | 0 | |a potraviny |
| 100 | 1 | |a Máchová, Alena | |